| 000 | 00495nam a2200169 a 4500 | ||
|---|---|---|---|
| 005 | 20140412111245.0 | ||
| 008 | 010426s19uu xx 00 eng d | ||
| 020 | _a0-673-42061-2 | ||
| 050 |
_aM 507 _bC66 1989 |
||
| 100 | _aCohen, Dr. Michael R. | ||
| 245 |
_aDiscover science. / _cDr. Michael R. Cohen, et. al. |
||
| 260 |
_aGlenview, Illinois : _bScott, Foresman and Company, _c1989. |
||
| 300 | _axip. ; 244p. ; ill. | ||
| 440 | _aScott, Foresman | ||
| 650 | _aSciences | ||
| 999 |
_c102895 _d102895 |
||